| 000 | 00364nam a22001457a 4500 | ||
|---|---|---|---|
| 005 | 20250410112858.0 | ||
| 008 | 250410b |||||||| |||| 00| 0 eng d | ||
| 020 | _a9789988071363 | ||
| 050 |
_aHD 30.28 STR _b1 |
||
| 100 | _aACCA | ||
| 245 | _aStrategic business planning and development | ||
| 260 |
_aGhana _bBPP _c2005c |
||
| 300 | _axxx,532p | ||
| 942 |
_2lcc _cBK _n0 |
||
| 999 |
_c5392 _d5392 |
||